The noble scholar, jurist, historian


 His Excellency Dr. Abdul Wahhab bin Ibrahim Abu Sulaiman, may Allah have mercy on him.


 He was born in Umm Al-Qura in the year 1356 AH.

الشروح والتعليقات على كتب الأحكام الصغرى والوسطى والكبرى للإمام الحافظ أبي محمد عبد الحق بن عبد الرحمن الأزدي البجائي بن الخراط / (Record no. 58)

MARC details
000 -LEADER
fixed length control field 02454cam a22003851i 4500
003 - CONTROL NUMBER IDENTIFIER
control field SA-RiAUC
005 - DATE AND TIME OF LATEST TRANSACTION
control field 20240905132945.0
008 - FIXED-LENGTH DATA ELEMENTS--GENERAL INFORMATION
fixed length control field 240905s1983 su g 00010 ara c
040 ## - CATALOGING SOURCE
Original cataloging agency AE-DuCSA
Language of cataloging ara
Transcribing agency SA-RiAUC.
Description conventions rda
082 04 - DEWEY DECIMAL CLASSIFICATION NUMBER
Classification number 237.3
082 04 - DEWEY DECIMAL CLASSIFICATION NUMBER
Classification number 237.3
Item number ظ ا هـ
Assigning agency SA-RiAUC
090 ## - LOCALLY ASSIGNED LC-TYPE CALL NUMBER (OCLC); LOCAL CALL NUMBER (RLIN)
Classification number (OCLC) (R) ; Classification number, CALL (RLIN) (NR) 237.3
Local cutter number (OCLC) ; Book number/undivided call number, CALL (RLIN) ظ ا هـ
100 1# - MAIN ENTRY--PERSONAL NAME
Personal name الظاهري، أبو عبد الرحمن بن عقيل،
Dates associated with a name 1357 هجري-
Relator term مؤلف.
245 12 - TITLE STATEMENT
Title الشروح والتعليقات على كتب الأحكام الصغرى والوسطى والكبرى للإمام الحافظ أبي محمد عبد الحق بن عبد الرحمن الأزدي البجائي بن الخراط /
Statement of responsibility, etc. أبو عبد الرحمن بن عقيل الظاهري.
250 ## - EDITION STATEMENT
Edition statement الطبعة الأولى.
264 #1 - PRODUCTION, PUBLICATION, DISTRIBUTION, MANUFACTURE, AND COPYRIGHT NOTICE
Place of production, publication, distribution, manufacture [مكان النشر غير محدد] :
Name of producer, publisher, distributor, manufacturer [الناشر غير محدد]،
Date of production, publication, distribution, manufacture, or copyright notice 1983
264 #3 - PRODUCTION, PUBLICATION, DISTRIBUTION, MANUFACTURE, AND COPYRIGHT NOTICE
Place of production, publication, distribution, manufacture الرياض :
Name of producer, publisher, distributor, manufacturer مطابع الفرزدق التجارية
300 ## - PHYSICAL DESCRIPTION
Extent 2 مجلد ؛
Dimensions 24 سم
336 ## - CONTENT TYPE
Content type term نص
Content type code txt
Source rdacontent
Materials specified كتاب
337 ## - MEDIA TYPE
Media type term بدون وسيط
Media type code n
Source rdamedia
338 ## - CARRIER TYPE
Carrier type term مجلد
Carrier type code nc
Source rdacarrier
500 ## - GENERAL NOTE
General note أضيفت إلى الشروح مؤاخذات أبي الحسن بن القطان في كتابه بيان الوهم والإيهام الواقعين في كتاب الأحكام.
650 #7 - SUBJECT ADDED ENTRY--TOPICAL TERM
Topical term or geographic name entry element الحديث
General subdivision أحكام
Source of heading or term aucsh
650 #7 - SUBJECT ADDED ENTRY--TOPICAL TERM
Topical term or geographic name entry element الحديث
General subdivision جوامع الفنون
Source of heading or term aucsh
700 12 - ADDED ENTRY--PERSONAL NAME
Personal name ابن الخراط، عبد الحق بن عبد الرحمن بن عبد الله،
Dates associated with a name 510-581 هجري.
Title of a work الأحكام الشرعية الصغرى الصحيحة.
700 12 - ADDED ENTRY--PERSONAL NAME
Personal name ابن الخراط، عبد الحق بن عبد الرحمن بن عبد الله،
Dates associated with a name 510-581 هجري.
Title of a work الأحكام الوسطى.
700 12 - ADDED ENTRY--PERSONAL NAME
Personal name ابن الخراط، عبد الحق بن عبد الرحمن بن عبد الله،
Dates associated with a name 510-581 هجري.
Title of a work الأحكام الكبرى.
700 12 - ADDED ENTRY--PERSONAL NAME
Personal name ابن القطان، علي بن محمد بن عبد الملك،
Dates associated with a name 562-628 هجري.
Title of a work بيان الوهم والإيهام الواقعين في كتاب الأحكام.
740 22 - ADDED ENTRY--UNCONTROLLED RELATED/ANALYTICAL TITLE
Uncontrolled related/analytical title الأحكام الصغرى.
740 22 - ADDED ENTRY--UNCONTROLLED RELATED/ANALYTICAL TITLE
Uncontrolled related/analytical title الأحكام الوسطى من حديث النبي صلى الله عليه وسلم.
740 22 - ADDED ENTRY--UNCONTROLLED RELATED/ANALYTICAL TITLE
Uncontrolled related/analytical title الأحكام الكبرى.
740 02 - ADDED ENTRY--UNCONTROLLED RELATED/ANALYTICAL TITLE
Uncontrolled related/analytical title بيان الوهم والإيهام الواقعين في كتاب الأحكام.
942 ## - ADDED ENTRY ELEMENTS (KOHA)
Source of classification or shelving scheme Dewey Decimal Classification
Koha item type Books
949 ## - LOCAL PROCESSING INFORMATION (OCLC)
a SA-JeALM
d 240905
u khaled123
n 1
Holdings
Withdrawn status Lost status Source of classification or shelving scheme Materials specified (bound volume or other part) Damaged status Not for loan Home library Current library Date acquired Total checkouts Full call number Barcode Date last seen Price effective from Koha item type
    Dewey Decimal Classification المجلد الاول     DR AbdElwahab Library DR AbdElwahab Library 09/05/2024   237.3 ظ ا هـ 000000119 09/05/2024 09/05/2024 Books
    Dewey Decimal Classification المجلد الثاني     DR AbdElwahab Library DR AbdElwahab Library 09/05/2024   237.3 ظ ا هـ 000000120 09/05/2024 09/05/2024 Books